Province che confinano con la Provincia di Vercelli - Statistics

Statistiche generali
  • Questo quiz è stato fatto 19 volte
  • Il punteggio medio è 7 su 7
Statistiche sulle risposte
Regione Provincia % Corretto
Piemonte Città metropolitana di Torino
100%
Piemonte Provincia di Alessandria
100%
Valle d'Aosta Provincia di Aosta
100%
Piemonte Provincia di Biella
100%
Piemonte Provincia di Novara
100%
Piemonte Provincia del Verbano-Cusio-Ossola
94%
Lombardia Provincia di Pavia
88%
Nessun quiz corrispondente trovato
Distribuzione punteggi
Percentuale di utenti per punteggio
Percentile per numero di risposta
I tuoi punteggi nel tempo
Non hai fatto questo quiz